| 000 | 00893cab a2200265 4500 | ||
|---|---|---|---|
| 001 | ABS55316 | ||
| 008 | 090401t1996 xxu||||| |||| 00| 0 eng d | ||
| 035 | _a(Sirsi) u15703 | ||
| 041 | _aeng | ||
| 245 | _aRetail | ||
| 260 | _c1996 | ||
| 350 | _a0 | ||
| 490 |
_aProperty Week _v55(12) 20 June 1996, 30-43(5) |
||
| 520 | _aA feature on retail covering occupiers needs, the success of a smaller shopping centre at Portland Walk in Barrow-in-Furness and plans for a major shopping and leisure centre at White City. | ||
| 650 | _aBARROW-IN-FURNESS | ||
| 650 | _aOCCUPIERS REQUIREMENTS | ||
| 650 | _aPORTLAND WALK | ||
| 650 | _aPROPERTY-COMMERCIAL PROPERTY-RETAIL PROPERTY-RETAIL PROPERTY MARKET | ||
| 650 | _aSHEPHERDS BUSH | ||
| 650 | _aSHOPPING CENTRES | ||
| 650 | _aWHITE CITY | ||
| 690 | _aPROPERTY-COMMERCIAL PROPERTY-RETAIL PROPERTY | ||
| 942 | _n0 | ||
| 948 | _c04/03/1997 | ||
| 999 |
_c10324 _d10324 |
||